Statistics for Fibonacci Numbers in Under One Minute

Click here to take the quiz!

General Stats

  • This quiz has been taken 421 times
  • The average score is 16 of 20

Answer Stats

HintAnswer% Correct
11
100%
21
97%
32
97%
43
97%
55
97%
68
96%
713
95%
821
94%
934
93%
1055
92%
1189
91%
12144
88%
13233
85%
14377
83%
15610
76%
16987
70%
171597
62%
182584
40%
194181
24%
206765
17%

Score Distribution

Percentile by Number Answered

Percent of People with Each Score

Your Score History

You have not taken this quiz